000 01261nam a22001937a 4500
008 111214t xxu||||| |||| 00| 0 eng d
020 _a0199200742
050 _aHC59.7.E32
100 _aBlitzer, Charles R.
245 _aEconomy-wide models and development planning /
_cCharles R. Blitzer, Peter B. Clark and Lance Taylor.
260 _aNew York:
_bOxford University Press,
_cc1975.
300 _axiii,369 p.
_bill.
_c24cm.
500 _aIncludes bibliographical references and index.
505 _aContents: The Status of planning: An overview -- Models and policy: The Dialogue between model builder and planner -- Theoretical foundations and technical implications -- Quantitative foundations and implications of planning processes -- Intersectoral consistency and macroeconomic planning -- The Foreign trade sector in planning models -- Employment and human capital formation -- Planning models, shadow prices, and project evaluation -- Planning for mulltiple goals -- Interindustry planning models for a multi-regional economy -- Planning with economies of scale -- Substitution and nonlinearities in planning models.
650 _aEconomic development-mathematical models.
700 _aClark, Peter B.
700 _aTaylor, Lance
942 _2lcc
_cBK
999 _c397
_d7897